| 000 | 00941cam a22002655a 4500 | ||
|---|---|---|---|
| 999 |
_c22773 _d22745 |
||
| 005 | 20190624120029.0 | ||
| 008 | 150805t2015 enka frb 001 0 eng d | ||
| 020 | _a9781292059402 | ||
| 020 | _a1292059400 | ||
| 040 |
_aStDuBDS _beng _cStDuBDS _dEG-ScBUE |
||
| 082 | 0 | 4 |
_a658.473 _222 _bJAC |
| 100 | 1 | _aJackson, Cecil Wilfrid. | |
| 245 | 1 | 0 |
_aDetecting accounting fraud : _banalysis and ethics / _cCecil W. Jackson. |
| 250 | _aGlobal ed. | ||
| 260 |
_aHarlow : _bPearson Education Limited, _cc.2015. |
||
| 300 |
_a401 p. : _bill. ; _c24 cm. |
||
| 490 | _aAlways learning | ||
| 504 | _aIncludes bibliographical references and index. | ||
| 650 | 7 |
_aAccounting fraud _zUnited States. _2BUEsh |
|
| 650 | 7 |
_aCorporations _xAccounting _xCorrupt practices _zUnited States. _2BUEsh |
|
| 650 | 7 |
_aCorporations _xAccounting _xLaw and legislation _zUnited States. _2BUEsh |
|
| 651 | _2BUEsh | ||
| 653 |
_bBUSADM _cOctober2016 _cJune2019 |
||
| 942 | _2ddc | ||